| 000 | 00755nam a2200205 a 4500 | ||
|---|---|---|---|
| 001 | 000017916 | ||
| 005 | 20240229073943.0 | ||
| 008 | 100407s1979 dr 000 0 spa d | ||
| 040 |
_aDO-SdBNP _bspa _cBNPHU |
||
| 082 |
_axxxx _bA773e |
||
| 100 | 1 |
_aArranz Márquez, Luis _938866 |
|
| 245 | 1 | 0 |
_aEmigración española a Indias. Poblamiento y despoblación antillanos. / _cLuis Arranz Márquez ; cuidado edición José Chez Checo. |
| 260 |
_aSanto Domingo : _bFundación García-Arvalo, _c1979. |
||
| 300 |
_a39 p. ; _c21 cm. |
||
| 490 | 1 |
_aMonográfica _vv. 13 |
|
| 504 | _aIncluye referencias bibliográficas y notas al pie de las páginas | ||
| 700 | 1 |
_aChez Checo, José, _d1949- _eed. _910145 |
|
| 830 | 0 |
_aMonográfica _nno. 13 _938867 |
|
| 049 | _aBNPD | ||
| 999 |
_c17440 _d17440 |
||